The story of astronomy : from Babylonian stargazers to the search for the Big Bang (Record no. 58463)

MARC details
000 -LEADER
fixed length control field 00598nam a2200157 a 4500
008 - FIXED-LENGTH DATA ELEMENTS--GENERAL INFORMATION
fixed length control field 200710s2011 ||||||||||||||||| || u
020 ## - INTERNATIONAL STANDARD BOOK NUMBER
International Standard Book Number 9780857385987
050 ## - LIBRARY OF CONGRESS CALL NUMBER
Classification number QB 15 Aug
100 ## - MAIN ENTRY--PERSONAL NAME
Personal name Aughton, Peter
245 14 - TITLE STATEMENT
Title The story of astronomy : from Babylonian stargazers to the search for the Big Bang
Statement of responsibility, etc. By Peter Aughton
260 ## - PUBLICATION, DISTRIBUTION, ETC.
Place of publication, distribution, etc. London
Name of publisher, distributor, etc. Quercus
Date of publication, distribution, etc. 2011
300 ## - PHYSICAL DESCRIPTION
Extent 394 pages
650 ## - SUBJECT ADDED ENTRY--TOPICAL TERM
Topical term or geographic name entry element ATRONOMERS
650 ## - SUBJECT ADDED ENTRY--TOPICAL TERM
Topical term or geographic name entry element ASTRONOMY
995 ## - RECOMMENDATION 995 [LOCAL, UNIMARC FRANCE]
-- 26.26
-- CBU-MAIN LIBRARY (Kitwe)
-- 1
-- AVAILABLE
-- Jul 16, 2020
-- Main Library Open Access Collection
Holdings
Withdrawn status Lost status Source of classification or shelving scheme Damaged status Not for loan Home library Current library Shelving location Date acquired Total Checkouts Full call number Barcode Date last seen Price effective from Koha item type
          CBU-MAIN LIBRARY, KITWE. CBU-MAIN LIBRARY, KITWE.   11/30/2022   QB 15 Aug 750296 11/30/2022 11/30/2022 MONOGRAPH